Using Microcomputers Applications for Business

Salvato in:
Dettagli Bibliografici
Autore principale: Spence, J. Wayne
Altri autori: Windsor, John C.
Natura: Libro
Lingua:inglese
Pubblicazione: St. Louis Times Mirror/Mosby College Pub. 1987
Edizione:1. ed.
Soggetti:
Tags: Aggiungi Tag
Nessun Tag, puoi essere il primo ad aggiungerne!!

MARC

LEADER 00000nam a2200000 4500
001 c000328
005 20221221074806.4
020 |a 0-8016-4778-9 
041 0 |a eng 
044 |a US 
245 1 0 |a Using Microcomputers  |b Applications for Business  |c J. Wayne Spence, John C. Windsor 
250 |a 1. ed. 
264 1 |a St. Louis  |b Times Mirror/Mosby College Pub.  |c 1987 
300 |a 677 s. 
610 2 0 |a využitie počítačov 
610 2 0 |a mikropočítače 
610 2 0 |a podnik 
610 2 0 |a hardvér 
610 2 0 |a softvér 
610 2 0 |a systémy operačné 
610 2 0 |a spracovanie textov 
610 2 0 |a báza dát 
610 2 0 |a grafika počítačová 
610 2 0 |a programy aplikačné 
610 2 0 |a obchod 
610 2 0 |a spracovanie dát automatické 
100 1 |a Spence, J. Wayne 
700 1 |a Windsor, John C.